| 000 | 00578nam a2200181Ia 4500 | ||
|---|---|---|---|
| 003 | GCL | ||
| 008 | 140319s9999 xx 000 0 ara d | ||
| 040 |
_aGCL / _cGCL |
||
| 082 | 0 | 4 |
_a621.47 _bاهـ |
| 100 | 1 | _aاحمد مصطفى محمد | |
| 245 | 1 | 0 |
_aالطاقة الشمسية والانتاجية العضوية / _cاحمد مصطفى محمد |
| 260 |
_a[S.N] : _bالهيئة المصرية العامة للكتاب ، _c1991 |
||
| 300 | _a71 ص | ||
| 490 | _a | ||
| 650 | 0 | 4 | _aالطاقة الشمسية |
| 650 | 0 | 4 | _aمصادر الطاقة |
| 942 |
_2ddc _cBK |
||
| 999 |
_c30340 _d30340 |
||